书目信息 |
| 题名: |
小城镇给水排水工程规划
|
|
| 作者: | 胡晓东 , 周鸿 编著 | |
| 分册: | ||
| 出版信息: | 北京 中国建筑工业出版社 2009.01 |
|
| 页数: | 12,249页 | |
| 开本: | 26cm | |
| 丛书名: | 中国小城镇市政与环境工程技术丛书 | |
| 单 册: | ||
| 中图分类: | TU991.01 | |
| 科图分类: | ||
| 主题词: | 城镇--给水工程--供水规划 , 城镇--排水工程--规划 , 城镇 , 给水工程 , 供水规划 , 排水工程 | |
| 电子资源: | ||
| ISBN: | 978-7-112-10229-7 | |
| 000 | 01092oam2 2200325 450 | |
| 001 | 012004305581 | |
| 005 | 20091230090054.03 | |
| 010 | @a978-7-112-10229-7@dCNY39.00 | |
| 100 | @a20090117d2009 em y0chiy0110 ea | |
| 101 | 0 | @achi |
| 102 | @aCN@b110000 | |
| 105 | @aak z 000yy | |
| 106 | @ar | |
| 200 | 1 | @a小城镇给水排水工程规划@9xiao cheng zhen gei shui pai shui gong cheng gui hua@f胡晓东,周鸿编著 |
| 210 | @a北京@c中国建筑工业出版社@d2009.01 | |
| 215 | @a12,249页@c图@d26cm | |
| 225 | 2 | @a中国小城镇市政与环境工程技术丛书 |
| 330 | @a本书围绕小城镇给水排水工程系统规划问题详细介绍了小城镇给水排水工程系统规划的特点、给水工程系统规划的主要内容和排水工程系统规划的主要内容。 | |
| 461 | 0 | @12001 @a中国小城镇市政与环境工程技术丛书 |
| 606 | 0 | @a城镇@x给水工程@x供水规划 |
| 606 | 0 | @a城镇@x排水工程@x规划 |
| 606 | 0 | @a城镇 |
| 606 | 0 | @a给水工程 |
| 606 | 0 | @a供水规划 |
| 606 | 0 | @a排水工程 |
| 690 | @aTU991.01@v4 | |
| 701 | 0 | @a胡晓东@9hu xiao dong@4编著 |
| 701 | 0 | @a周鸿@9zhou hong@4编著 |
| 801 | 0 | @aCN@bNLC@c20091230 |
| 905 | @b20798550-54@dTU991.01@e505@f5 | |
| 小城镇给水排水工程规划/胡晓东,周鸿编著.-北京:中国建筑工业出版社,2009.01 |
| 12,249页:图;26cm.-(中国小城镇市政与环境工程技术丛书) |
| ISBN 978-7-112-10229-7:CNY39.00 |
| 本书围绕小城镇给水排水工程系统规划问题详细介绍了小城镇给水排水工程系统规划的特点、给水工程系统规划的主要内容和排水工程系统规划的主要内容。 |
| ● |
| 相关链接 |
|
|
|
|
正题名:小城镇给水排水工程规划
索取号:TU991.01/505
 
预约/预借
| 序号 | 登录号 | 条形码 | 馆藏地/架位号 | 状态 | 备注 |
| 1 | 0798554 | 207985545 | 第三借阅区/ [索取号:TU991.01/505] | 在馆 | |
| 2 | 798550 | 207985509 | 第二样本阅览室/ [索取号:TU991.01/505] | 在馆 | |
| 3 | 798551 | 207985518 | 第三借阅区/ [索取号:TU991.01/505] | 在馆 | |
| 4 | 798552 | 207985527 | 第三借阅区/ [索取号:TU991.01/505] | 在馆 | |
| 5 | 798553 | 207985536 | 第三借阅区/ [索取号:TU991.01/505] | 在馆 |